|
|
|
|
| LEADER |
00000nam a2200000 a 4500 |
| 001 |
vtls010629170 |
| 003 |
SK-MaSNL |
| 005 |
20260301045936.0 |
| 008 |
250312s1968 xo f 000 0 slo |
| 020 |
|
|
|q (brož.)
|
| 035 |
|
|
|a C51A7738-7D2C-48CE-8071-84CBF531AD44
|
| 035 |
|
|
|a urn:nbn:sk:snk-amjov8
|
| 035 |
|
|
|a urn:nbn:sk:snk-am000z7s
|
| 040 |
|
|
|a SNK
|b slo
|c SNK
|e AACR2
|
| 041 |
0 |
|
|a slo
|
| 044 |
|
|
|a xo
|c SK
|
| 072 |
|
7 |
|a 81
|x Lingvistika. Jazyky
|2 konspekt
|
| 080 |
|
|
|a 81'373.46
|2 2001
|
| 080 |
|
|
|a 81`367.633
|2 2001
|
| 080 |
|
|
|a (0.036.6)
|2 2001
|
| 100 |
1 |
|
|a Oravec, Ján,
|d 1922-1986
|4 aut
|9 106656
|
| 245 |
1 |
0 |
|a Nové druhotné predložky v odbornom štýle
|b [osobitný odtlačok]
|c Ján Oravec
|
| 250 |
|
|
|a [1.] vyd.
|
| 260 |
|
|
|a Bratislava
|b Vydavateľstvo Slovenskej akadémie vied
|c [1968]
|
| 300 |
|
|
|a S. 257-270
|c 21 cm
|
| 500 |
|
|
|a Separát z: Československý terminologický časopis
|
| 650 |
0 |
7 |
|a odborná terminológia
|2 SNKPH
|9 3616
|
| 650 |
0 |
7 |
|a druhotné predložky
|2 SNKPH
|9 74051
|
| 655 |
|
7 |
|a separáty
|2 SNKPH
|9 70334
|
| 852 |
|
|
|a Slovenská národná knižnica
|
| 958 |
|
|
|a OND
|
| 999 |
|
|
|c 599739
|d 601669
|
| 952 |
|
|
|a SNK
|b SNK
|y PREZ
|7 0
|p 17A1121578
|o snkSC 161394
|i snk2014/22441
|8 1
|0 0
|1 0
|4 0
|d 2014-10-20
|f 1
|l 0
|r 2025-08-25 00:00:00
|w 2026-02-23
|